Formula 1 Team Principals - Statistics

General Stats
  • This quiz has been taken 218 times
  • The average score is 6 of 10
Answer Stats
Team Principal % Correct
Red Bull Christian Horner
97%
Mercedes Toto Wolff
92%
Ferrari Frédéric Vasseur
83%
McLaren Andrea Stella
66%
Haas Guenther Steiner
65%
Williams James Vowles
48%
Alpha Tauri Franz Tost
42%
Aston Martin Mike Krack
42%
Alpine Otmar Szafnauer
28%
Alfa Romeo Alessandro Alunni Bravi
14%
No matching quizzes found
Score Distribution
Percent of People with Each Score
Percentile by Number Answered
Your Score History
You have not taken this quiz